Retrouvez les capitales d'Europe - Statistiques

Statistiques générales
  • Ce quiz a été pris 104 fois
  • Le résultat moyen est 29 sur 44
Réponses sur la Carte
Les réponses sont colorées sur une échelle allant du rouge au vert en fonction du pourcentage des utilisateurs qui les ont devinées à leur premier essai. Vous pouvez retrouver ces pourcentages ci-dessous.
 
Statistiques - réponses
Réponse % Correct
Berlin
93%
Bruxelles
90%
Andorre-la-Vieille
89%
Madrid
89%
Amsterdam
86%
Athènes
86%
Paris
86%
Moscou
85%
Lisbonne
84%
Londres
84%
Monaco
84%
Dublin
83%
Luxembourg
83%
Berne
79%
Helsinki
79%
Reykjavik
77%
Oslo
75%
Kiev
74%
La Valette
74%
Copenhague
70%
Stockholm
69%
Varsovie
69%
Vienne
69%
Minsk
67%
Prague
62%
Rome
60%
Bucarest
57%
Sofia
57%
Zagreb
56%
Riga
54%
Vaduz
54%
Tirana
51%
Budapest
49%
Chisinau
49%
Vilnius
49%
Sarajevo
48%
Bratislava
46%
Tallinn
46%
Belgrade
44%
Podgorica
42%
Skopje
42%
Vatican
42%
Pristina
36%
Ljublijana
16%
Aucun quiz correspondant
Distribution des résultats
% des personnes avec chaque résultat
Percentile par nombre de réponses
Votre historique - résultats
Vous n’avez pas pris ce quiz